000 00497nam a22001337a 4500
008 150702b xxu||||| |||| 00| 0 eng d
020 _a9781910048047
082 _a347.013 WAM
100 _aWambuzi, Samuel William Wako
245 _aThe odyssey of a Judicial career in precarious times :
_bMy trials and triumphs as a three- time chief justice of Uganda /
_cSamuel William Wako Wambuzi
260 _aUK :
_bCROSS house books,
_c2014.
300 _axv, 244p. :
_bill. ;
_c23cm.
942 _2ddc
_cBK
999 _c7256
_d7256